Charles & Ray Eames, 1907-1978, 1912-1988 : |b pioneros de la modernidad a mediados del siglo XX / (Record no. 11277)
[ view plain ]
| 000 -CABECERA | |
|---|---|
| campo de control de longitud fija | 00998nam a2200289 4500 |
| 003 - IDENTIFICADOR DEL NÚMERO DE CONTROL | |
| campo de control | OSt |
| 005 - FECHA Y HORA DE LA ÚLTIMA TRANSACCIÓN | |
| campo de control | 20260530113845.0 |
| 008 - DATOS DE LONGITUD FIJA--INFORMACIÓN GENERAL | |
| campo de control de longitud fija | 260508b2005 gera|||| |||| 00| 0 eng d |
| 020 ## - NÚMERO INTERNACIONAL ESTÁNDAR DEL LIBRO | |
| Número Internacional Estándar del Libro | 9783822828700 |
| 040 ## - FUENTE DE LA CATALOGACIÓN | |
| Centro catalogador/agencia de origen | ICI |
| Lengua de catalogación | spa |
| Centro/agencia transcriptor | ICI |
| 041 ## - CÓDIGO DE LENGUA | |
| Código de lengua del texto/banda sonora o título independiente | spa |
| 050 ## - SIGNATURA TOPOGRÁFICA DE LA BIBLIOTECA DEL CONGRESO | |
| Número de clasificación | NK1535.E25 |
| Número de documento/Ítem | K6418 |
| 100 1# - ENTRADA PRINCIPAL--NOMBRE DE PERSONA | |
| Nombre de persona | Koenig, Gloria, |
| Término indicativo de función/relación | autor |
| 9 (RLIN) | 30691 |
| 245 10 - MENCIÓN DE TÍTULO | |
| Título | Charles & Ray Eames, 1907-1978, 1912-1988 : |b pioneros de la modernidad a mediados del siglo XX / |
| Mención de responsabilidad, etc. | Gloria Koenig ; traducción, Claudia Andreu y Teresa Bladé |
| 246 14 - FORMA VARIANTE DE TÍTULO | |
| Título propio/Titulo breve | Eames |
| 264 #1 - PRODUCCIÓN, PUBLICACIÓN, DISTRIBUCIÓN, FABRICACIÓN Y COPYRIGHT | |
| Producción, publicación, distribución, fabricación y copyright | Köln : |
| Nombre del de productor, editor, distribuidor, fabricante | Taschen, |
| Fecha de producción, publicación, distribución, fabricación o copyright | c2005 |
| 300 ## - DESCRIPCIÓN FÍSICA | |
| Extensión | 96 páginas : |
| Otras características físicas | ilustraciones |
| 336 ## - TIPO DE CONTENIDO | |
| Término de tipo de contenido | texto |
| Fuente | rdacontent |
| 337 ## - TIPO DE MEDIO | |
| Nombre/término del tipo de medio | sin medio |
| Fuente | rdamedia |
| 338 ## - TIPO DE SOPORTE | |
| Nombre/término del tipo de soporte | volumen |
| Fuente | rdacarrier |
| 490 0# - MENCIÓN DE SERIE | |
| Mención de serie | Basic Architecture Series |
| 650 #4 - PUNTO DE ACCESO ADICIONAL DE MATERIA--TÉRMINO DE MATERIA | |
| Término de materia o nombre geográfico como elemento de entrada | Diseño |
| Subdivisión general | Historia |
| Subdivisión cronológica | Siglo XX |
| Subdivisión geográfica | Estados Unidos |
| 9 (RLIN) | 30692 |
| 650 #4 - PUNTO DE ACCESO ADICIONAL DE MATERIA--TÉRMINO DE MATERIA | |
| Término de materia o nombre geográfico como elemento de entrada | Diseño de muebles |
| Subdivisión geográfica | Estados Unidos |
| 9 (RLIN) | 30693 |
| 700 1# - PUNTO DE ACCESO ADICIONAL--NOMBRE DE PERSONA | |
| Nombre de persona | Andreu, Claudia, |
| Término indicativo de función/relación | traductor |
| 9 (RLIN) | 30694 |
| 700 1# - PUNTO DE ACCESO ADICIONAL--NOMBRE DE PERSONA | |
| Nombre de persona | Bladé, Teresa, |
| Término indicativo de función/relación | traductor |
| 9 (RLIN) | 30695 |
| 942 ## - ELEMENTOS DE PUNTO DE ACCESO ADICIONAL (KOHA) | |
| Fuente del sistema de clasificación o colocación | Library of Congress Classification |
| Tipo de ítem Koha | |
| Suprimir en OPAC | 1 |
No items available.